| 000 | 00653nam a22001577a 4500 | ||
|---|---|---|---|
| 003 | OSt | ||
| 005 | 20150921143712.0 | ||
| 008 | 150921b xxu||||| |||| 00| 0 eng d | ||
| 040 | _cRUA | ||
| 082 | _aAGR HAA 2008 B035 Or.1 | ||
| 100 |
_91015 _aTHAUNG PISETH |
||
| 245 | _aINsect pests associated with cashew tree in stoeung trng district,kampong cham province,(សត្វល្អិតចង្រៃបំផ្លាញដំណាំស្វាយចន្ទី នៅស្រុកស្ទឹងត្រង់ ខេត្តកំពង់ចាម) | ||
| 260 |
_aphnom penh _bRUA _c2008 |
||
| 300 |
_axii,65p. _cill. _g29cm. |
||
| 942 |
_2ddc _cAGR |
||
| 999 |
_c974 _d974 |
||